00430nam a2200145Ia 450000500170000000800410001702000150005808200130007310000120008624500560009825000080015426000380016230000130020050000710021320250612015913.0240331s9999 xx 000 0 und d a955826900X bIVAa322 aIvan, V 0aSri Lankawe nuthana karalikaruwange samaja pasubima a2nd aNugegodabDurkka Publishersc1999 a183 p ., aA book of The Social Background of modern insurgents in Sri Lanka